000
00283nam a22000977a 4500
008
230309b |||||||| |||| 00| 0 eng d
040
_a
National Science Library
_c
National Science Library
245
_a
Saket industrial digest
260
_a
Ahmedabad:
_b
Suhasini Vyas,
_c
1998
942
_c
CR
999
_c
6989
_d
6989